| 000 | 02987cam a2200409 i 4500 | ||
|---|---|---|---|
| 999 |
_c29120 _d29091 |
||
| 001 | 18583326 | ||
| 003 | EG-ScBUE | ||
| 005 | 20210519112840.0 | ||
| 008 | 150420s2015 nyuab f 001 0 eng d | ||
| 020 | _a9781250063717 (hardcover) | ||
| 040 |
_aDLC _beng _erda _cDLC _dDLC _dEG-ScBUE |
||
| 043 | _af------ | ||
| 082 | 0 | 4 |
_a330.96 _bBRI _222 |
| 100 | 1 |
_aBright, Jake, _eauthor. _923515 |
|
| 245 | 1 | 4 |
_aThe next Africa : _ban emerging continent becomes a global powerhouse / _cJake Bright and Aubrey Hruby. |
| 250 | _aFirst edition. | ||
| 264 | 1 |
_aNew York : _bThomas Dunne Books/St. Martin's Press, _c2015. |
|
| 300 |
_avi, 297 pages : _billustrations, maps ; _c22 cm |
||
| 336 |
_atext _2rdacontent _btxt |
||
| 337 |
_aunmediated _2rdamedia _bn |
||
| 338 |
_avolume _2rdacarrier _bnc |
||
| 500 | _aIncludes index. | ||
| 520 |
_a"After decades of resting on the world's economic margins, Africa is in the midst of tectonic transformation, redefining itself as a source of innovation and a destination for capital investment"-- _cProvided by publisher. |
||
| 520 |
_a"The Next Africa will change the way people think about the continent. The old narrative of an Africa disconnected from the global economy, depicted by conflict or corruption, and heavily dependent on outside donors is fading. A wave of transformation driven by business, modernization, and a new cadre of remarkably talented Africans is thrusting the continent from the world's margins to the global mainstream. Finally, The Next Africa suggests a fresh framework for global citizens, public policy-makers, and CEOs to approach Africa. It will no longer be "The Hopeless Continent", nor will it become an overnight utopia. Bright and Hruby offer a more nuanced, net-sum, and data-rich approach to analyzing an increasingly complex continent, reconciling its continued challenges with rapid progress. The Next Africa describes a future of a more globally-connected Africa where its leaders and citizens wield significant economic, cultural, and political power--a future in which Americans will be more likely to own African stocks, work for companies doing business in Africa, buy African hits from iTunes, see Nigerian actors win Oscars, and learn new African names connected to tech moguls and billionaires"-- _cProvided by publisher. |
||
| 650 | 7 |
_aEconomic development _zAfrica. _2BUEsh |
|
| 651 | 7 |
_aAfrica _xForeign economic relations. _2BUEsh |
|
| 651 | 7 |
_aAfrica _xForeign relations. _2BUEsh |
|
| 651 | 7 |
_aAfrica _xEconomic conditions _y21st century. _2BUEsh |
|
| 653 |
_bBUSECO _cMay2021 |
||
| 655 |
_vReading book _934232 |
||
| 700 | 1 |
_aHruby, Aubrey, _eauthor. |
|
| 856 | 4 | 2 |
_3Cover image _uhttp://www.netread.com/jcusers2/bk1388/717/9781250063717/image/lgcover.9781250063717.jpg |
| 906 |
_a7 _bcbc _corignew _d1 _eecip _f20 _gy-gencatlg |
||
| 942 |
_2ddc _cBB |
||